00742nam a22002057a 450000500170000001000150001702000300003203500140006203700130007608200100008910000170009924500900011626000440020627001110025030000910036170000170045270000190046970000240048870000240051220210412141722.0 aENG-129437 c795.00a978-93-88016-67-4 aEN-112969 bDBAD/PUB a371.9 aJasmer Singh aHandbook on Special Education and Children With Special Needs/bJasmer Singh, et. al. aNew DelhibNeelkamal Publicationsc2019 a4764/1, 23, Ansari Road, DaryaganjbNew Delhie110002k011-23244237, 98118-28953mneelkamalbooks@gmail.com axviii+498p.c24cm(pbk)bincluding illustrations, Bibliographical references and index. aJasmer Singh aG. Sri Krishna aMishra, Premananda  aReddy, K. Srinivas